Top 10 Biggest Russian Cities by Federal District - Statistics

General Stats
  • This quiz has been taken 75 times
  • The average score is 63 of 80
Answer Stats
Federal District Population Answer % Correct
Volga 1,257,341 Kazan
100%
Central 12,655,050 Moscow
100%
Southern 1,137,704 Rostov-on-Don
100%
Northwestern 5,384,342 Saint Petersburg
100%
Far Eastern 600,871 Vladivostok
100%
Southern 1,004,763 Volgograd
100%
Volga 1,244,254 Nizhny Novgorod
98%
Siberian 1,620,162 Novosibirsk
98%
Southern 432,322 Sochi
98%
Southern 948,827 Krasnodar
97%
Northwestern 282,851 Murmansk
97%
Volga 1,144,759 Samara
97%
Ural 1,495,066 Yekaterinburg
97%
Siberian 1,092,851 Krasnoyarsk
95%
Volga 1,049,199 Perm
95%
Volga 1,125,933 Ufa
95%
Central 1,050,602 Voronezh
95%
Northwestern 344,927 Arkhangelsk
94%
Ural 1,187,960 Chelyabinsk
94%
Far Eastern 610,305 Khabarovsk
94%
North Caucasian 604,266 Makhachkala
94%
Volga 830,155 Saratov
94%
North Caucasian 324,602 Grozny
92%
Siberian 1,139,897 Omsk
92%
Northwestern 209,426 Pskov
90%
Northwestern 225,019 Veliky Novgorod
90%
Far Eastern 437,514 Ulan-Ude
89%
Siberian 617,315 Irkutsk
87%
Central 450,977 Kursk
87%
North Caucasian 454,488 Stavropol
87%
Far Eastern 330,615 Yakutsk
87%
Northwestern 280,711 Petrozavodsk
85%
Volga 693,072 Tolyatti
85%
Siberian 568,508 Tomsk
85%
Northwestern 308,530 Vologda
85%
Central 601,403 Yaroslavl
85%
Southern 524,371 Astrakhan
84%
Far Eastern 350,861 Chita
84%
Siberian 631,124 Barnaul
82%
Northwestern 493,256 Kaliningrad
82%
Ural 413,253 Magnitogorsk
82%
North Caucasian 239,054 Nalchik
82%
Central 467,955 Tula
82%
Ural 816,800 Tyumen
82%
Central 424,969 Tver
81%
Northwestern 314,834 Cherepovets
79%
Volga 646,468 Izhevsk
79%
Siberian 552,546 Kemerovo
79%
Central 503,216 Lipetsk
79%
Central 534,801 Ryazan
79%
Southern 509,992 Sevastopol
79%
Volga 625,462 Ulyanovsk
79%
North Caucasian 301,543 Vladikavkaz
79%
Southern 336,212 Simferopol
76%
Central 507,307 Balashikha
73%
Ural 344,656 Nizhny Tagil
73%
Volga 572,819 Orenburg
73%
North Caucasian 146,267 Pyatigorsk
73%
Southern 248,269 Taganrog
71%
Far Eastern 241,072 Komsomolsk-on-Amur
68%
Southern 275,795 Novorossiysk
68%
Ural 309,285 Kurgan
66%
Far Eastern 179,367 Petropavlovsk-Kamchatskiy
66%
Ural 387,235 Surgut
66%
Far Eastern 200,235 Yuzhno-Sakhalinsk
66%
Siberian 225,037 Bratsk
65%
North Caucasian 126,606 Derbent
65%
Northwestern 243,926 Syktyvkar
63%
Far Eastern 225,757 Blagoveshchensk
61%
Central 401,505 Ivanovo
61%
North Caucasian 127,919 Kislovodsk
60%
Siberian 544,583 Novokuznetsk
60%
Southern 323,853 Volzhsky
56%
Ural 278,725 Nizhnevartovsk
50%
Far Eastern 172,942 Ussuriysk
45%
North Caucasian 128,663 Kaspiysk
44%
Ural 163,919 Zlatoust
39%
Siberian 224,630 Angarsk
35%
North Caucasian 146,394 Khasavyurt
35%
Ural 163,990 Kamensk-Uralsky
21%
No matching quizzes found
Score Distribution
Percent of People with Each Score
Percentile by Number Answered
Your Score History
You have not taken this quiz